00950nam a22002417a 4500003000400000005001700004008004100021040000800062082001800070084002500088100002400113245015600137250001200293260006200305300002400367504006400391650002500455650004000480650003400520942001200554999001900566952012300585OSt20260427173937.0260427b |||||||| |||| 00| 0 eng d ckul a628.1 bJIT.W 2Colon Classification aMishra, Jitu914118 aWater for life and pleasure : ban exploratory journey through India's water heritage from bronze age civilisation to the modern period. /cJitu Mishra a1st ed. aNew Delhi :bPathak Publishers and Distributors ,c2024 . aviii, 128 p.bill ; aIncludes bibliographical references and index. (127-128 p.) aWater supply .97610 aWater resources development .97256 aRecreational water use914119 2ddccBK c759134d759134 00102ddc40708NFICaCAMPUSbCAMPUScGENd2026-04-27l0o628.1 JIT.WpUCL35419r2026-04-27 17:44:51w2026-04-27yBK